Score 0/20 Timer 04:00
0 Plays Today
Hint Answer % Correct
GIHH ONONHigh Noon
93.8%
CHACT EM FI OUY NACCatch Me If You Can
91.2%
ETH LIRG OWH DEYAPL THIW RIEFThe Girl Who Played with Fire
89.7%
DOGO GHTNI NAD OODG CULKGood Night, and Good Luck
88.8%
NO ETH TERWAFONTROn the Waterfront
87.6%
UFLL ALMET KCAJTEFull Metal Jacket
85.6%
ROUF DINGSWED NAD A RALFENUFour Weddings and a Funeral
81.5%
REDRIAS FO ETH STOL RAKRaiders of the Lost Ark
80.4%
EBING NOJH LKAMCHIVOBeing John Malkovich
79.6%
VASNIG RIPTAVE NYARSaving Private Ryan
78.3%
Hint Answer % Correct
HOW MEDFRA GERRO BITRABWho Framed Roger Rabbit
77.3%
HET XASTE AINCHAWS ASMSACERThe Texas Chainsaw Massacre
77%
CANMERIA VOMIEAmerican Movie
71.7%
IRPSITED WAYASpirited Away
69.4%
CHINSLERSD TILSSchindler's List
68.1%
ZEDDA DNA DESUFCONDazed and Confused
67.4%
NALETER SHSUNENI FO ETH POTSSELS DIMNEternal Sunshine of the Spotless Mind
58.6%
VENES MURASIASeven Samurai
52.2%
TEH STAL TATNIOMPET FO STRICHThe Last Temptation of Christ
45.8%
DOARBTSAC WENSBroadcast News
34.9%

You're not logged in!

Compare scores with friends on all Sporcle quizzes.
OR
Log In

Sporcle TV

Today on Sporcle TV


Watch our educational content, quiz creation guides, and fun videos on Sporcle TV.

Show Comments

Extras

Top Quizzes Today


Score Distribution

Paid Content

Your Account Isn't Verified!

In order to create a playlist on Sporcle, you need to verify the email address you used during registration. Go to your Sporcle Settings to finish the process.

Report this User

Report this user for behavior that violates our Community Guidelines.

Details: